Der "Musenhof" Anna Amalias : Geselligkeit, Mäzenatentum und Kunstliebhaberei im klassischen Weimar
Saved in:
| Other Authors: | |
|---|---|
| Document Type: | Book |
| Language: | German |
| Published: |
Köln ; Weimar ; Wien
: Böhlau
, 2001
|
| Subjects: | |
| Online Access: | Inhaltsverzeichnis Rezension Rezension Rezension Inhaltsverzeichnis |
| Related Items: | Rezensiert in:
[Rezension von: Joachim Berger (Hrsg.), Der Musenhof Anna Amalias] |
| Author Notes: | [... Sonderforschungsbereich 482 "Ereignis Weimar-Jena. Kultur um 1800" an der Friedrich-Schiller-Universität Jena ...]. Hrsg. von Joachim Berger |
| LEADER | 04574cam a2200769 c 4500 | ||
|---|---|---|---|
| 001 | 1614770042 | ||
| 003 | DE-627 | ||
| 005 | 20260421132516.0 | ||
| 007 | tu | ||
| 008 | 001219s2001 gw ||||| 00| ||ger c | ||
| 015 | |a 01,N09,0583 |2 dnb | ||
| 015 | |a 01,A22,1148 |2 dnb | ||
| 016 | 7 | |a 960305696 |2 DE-101 | |
| 020 | |a 3412135003 |9 3-412-13500-3 | ||
| 024 | 3 | |a 9783412135003 | |
| 035 | |a (DE-627)1614770042 | ||
| 035 | |a (DE-603)09508407X | ||
| 035 | |a (DE-576)088804690 | ||
| 035 | |a (DE-599)BSZ088804690 | ||
| 035 | |a (OCoLC)231886119 | ||
| 035 | |a (OCoLC)231886119 | ||
| 035 | |a (OCoLC)47702160 | ||
| 040 | |a DE-627 |b ger |c DE-627 |e rakwb | ||
| 041 | |a ger | ||
| 044 | |c XA-DE | ||
| 082 | 0 | |a 306.09 | |
| 084 | |a 46 |a 63 |2 sdnb | ||
| 084 | |a 9,10 |2 ssgn | ||
| 084 | |a LK 75580 |2 rvk |0 (DE-625)rvk/98182: | ||
| 084 | |a GK 1618 |2 rvk |0 (DE-625)rvk/40782: | ||
| 084 | |a LQ 80500 |2 rvk |0 (DE-625)rvk/109060:13528 | ||
| 084 | |a NR 6470 |2 rvk |0 (DE-625)rvk/129587: | ||
| 245 | 0 | 4 | |a Der "Musenhof" Anna Amalias |b Geselligkeit, Mäzenatentum und Kunstliebhaberei im klassischen Weimar |c [... Sonderforschungsbereich 482 "Ereignis Weimar-Jena. Kultur um 1800" an der Friedrich-Schiller-Universität Jena ...]. Hrsg. von Joachim Berger |
| 264 | 1 | |a Köln |a Weimar |a Wien |b Böhlau |c 2001 | |
| 300 | |a X, 216 S. | ||
| 336 | |a Text |b txt |2 rdacontent | ||
| 337 | |a ohne Hilfsmittel zu benutzen |b n |2 rdamedia | ||
| 338 | |a Band |b nc |2 rdacarrier | ||
| 500 | |a Tagungsberichte | ||
| 583 | 1 | |a Archivierung/Langzeitarchivierung gewährleistet |f SSG |x XA-DE-BW |2 pdager |5 DE-16 | |
| 600 | 0 | 7 | |0 (DE-588)118649485 |0 (DE-627)079435130 |0 (DE-576)315881283 |a Anna Amalia |c Sachsen-Weimar-Eisenach, Herzogin |d 1739-1807 |2 gnd |
| 650 | 0 | 7 | |0 (DE-588)4025453-7 |0 (DE-627)106293397 |0 (DE-576)208960856 |a Hof |2 gnd |
| 655 | 7 | |a Konferenzschrift |y 1999 |z Jena |0 (DE-588)1071861417 |0 (DE-627)826484824 |0 (DE-576)433375485 |2 gnd-content | |
| 689 | 0 | 0 | |d p |0 (DE-588)118649485 |0 (DE-627)079435130 |0 (DE-576)315881283 |a Anna Amalia |c Sachsen-Weimar-Eisenach, Herzogin |d 1739-1807 |2 gnd |
| 689 | 0 | 1 | |d s |0 (DE-588)4025453-7 |0 (DE-627)106293397 |0 (DE-576)208960856 |a Hof |2 gnd |
| 689 | 0 | |5 DE-101 | |
| 700 | 1 | |a Berger, Joachim |d 1972- |e Hrsg. |0 (DE-588)131492756 |0 (DE-627)509815553 |0 (DE-576)298543524 |4 edt | |
| 710 | 2 | |a Sonderforschungsbereich Ereignis Weimar-Jena. Kultur um 1800 |0 (DE-588)16028583-5 |0 (DE-627)613289250 |0 (DE-576)31322451X |4 oth | |
| 787 | 0 | 8 | |i Rezensiert in |a Friedrich, Annegret, 1957 - |t [Rezension von: Joachim Berger (Hrsg.), Der Musenhof Anna Amalias] |d 2002 |w (DE-627)1920625739 |
| 856 | 4 | 2 | |u https://swbplus.bsz-bw.de/bsz088804690inh.htm |m B:DE-576;DE-16 |q application/pdf |v 20090429103042 |x Verlag |3 Inhaltsverzeichnis |7 1 |
| 856 | 4 | 2 | |u https://swbplus.bsz-bw.de/bsz088804690rez.htm |m V:DE-576 |v 2005-08-17 |3 Rezension |7 1 |
| 856 | 4 | 2 | |u http://www.sehepunkte.de/2002/12/3484.html |m V:DE-576;X:Sehepunkte |q text/html |v 20180423160624 |3 Rezension |7 1 |
| 856 | 4 | 2 | |u http://scans.hebis.de/HEBCGI/show.pl?09508407_rez.pdf |m V:DE-576 |q application/pdf |3 Rezension |7 1 |
| 856 | 4 | 2 | |u http://scans.hebis.de/HEBCGI/show.pl?09508407_toc.pdf |m V:DE-576;B:DE-16 |q application/pdf |3 Inhaltsverzeichnis |7 1 |
| 936 | r | v | |a LK 75580 |b Weimar |k Kunstgeschichte |k Kunst nach Ländern bzw. Kontinenten |k Deutschland |k Kunsttopografie Deutschlands |k Orte Deutschlands |k Orte W |k Weimar |0 (DE-627)1270650793 |0 (DE-625)rvk/98182: |0 (DE-576)200650793 |
| 936 | r | v | |a GK 1618 |b Literatursoziologie. Literarisches Leben |k Germanistik. Niederlandistik. Skandinavistik |k Deutsche Literatur |k Sturm und Drang. Klassik |k Literaturwissenschaft |k Literatursoziologie. Literarisches Leben |0 (DE-627)1270892746 |0 (DE-625)rvk/40782: |0 (DE-576)200892746 |
| 936 | r | v | |a LQ 80500 |b allgemein |k Musikwissenschaft |k I. Musica theoretica |k Geographischer Teil: Musica theoretica |k Deutschland |k Städte, Orte |k allgemein |0 (DE-627)1441177337 |0 (DE-625)rvk/109060:13528 |0 (DE-576)371177332 |
| 936 | r | v | |a NR 6470 |b Einzelbeiträge |k Geschichte |k Landes- und Stadtgeschichte (Allgemeine, Deutsche und Österreichische Landes- und Stadtgeschichte, Ausländische Stadtgeschichte, Geschichte der Auslanddeutschen) |k Deutsche Landesgeschichte im Einzelnen (einschl. ehemaliger deutscher Gebiete) |k Thüringen, Sachsen, Sachsen-Anhalt |k Einzelbeiträge |0 (DE-627)1270985426 |0 (DE-625)rvk/129587: |0 (DE-576)200985426 |
| 936 | s | n | |a g100 |2 mzub |
| 936 | s | n | |a l300 |2 mzub |
| 936 | s | n | |a l400 |2 mzub |
| 936 | s | n | |a n100 |2 mzub |
| 951 | |a BO | ||
| 990 | |a Anna Amalia <Sachsen-Weimar-Eisenach, Herzogin> | ||
| 990 | |a Hof | ||
| 991 | |a Rezensiertes Werk | ||
| 999 | |a KXP-PPN1614770042 |e 4953891295 | ||


